书目信息 |
| 题名: |
污水处理工
|
|
| 作者: | 王晖 , 周杨 主编 ;潘越齐 编写 | |
| 分册: | ||
| 出版信息: | 北京 中国建筑工业出版社 2004 |
|
| 页数: | 11,340页 | |
| 开本: | 21cm | |
| 丛书名: | ||
| 单 册: | ||
| 中图分类: | X703 | |
| 科图分类: | ||
| 主题词: | 污水处理--技术教育--教材 , 污水处理 | |
| 电子资源: | ||
| ISBN: | 7-112-06877-0 | |
| 000 | 00959nam0 2200277 450 | |
| 001 | 140879 | |
| 005 | 20140929162615.67 | |
| 010 | @a7-112-06877-0@dCNY 21.00 | |
| 100 | @a20050413d2004 em y0chiy50 ea | |
| 101 | 0 | @achi |
| 102 | @aCN@b110000 | |
| 105 | @aa z 000yy | |
| 200 | 1 | @a污水处理工@Awu shui chu li gong@b专著@f王晖,周杨主编@g王晖,周杨,潘越齐编写 |
| 210 | @a北京@c中国建筑工业出版社@d2004 | |
| 215 | @a11,340页@c图@d21cm | |
| 300 | @a市政行业职业技能培训教材 | |
| 304 | @a建设部人事教育司组织编写 | |
| 330 | @a本书内容涵盖污水处理初级工、中级工和高级工的知识。主要包括:城市污水处理、水力学、污水处理微生物学基础知识、污水处理主要机械设备和仪表及机械设备的检修等等内容。 | |
| 606 | 0 | @a污水处理@x技术教育@j教材 |
| 606 | 0 | @a污水处理 |
| 690 | @aX703@v4 | |
| 701 | 0 | @a王晖@Awang hui@c(职业技能)@4主编 |
| 701 | 0 | @a周杨@Azhou yang@4主编 |
| 702 | 0 | @a潘越齐@Apan yue qi@4编写 |
| 801 | 0 | @c20140929 |
| 905 | @a241430@dX703@eW213 | |
| 污水处理工/王晖,周杨主编/王晖,周杨,潘越齐编写.-北京:中国建筑工业出版社,2004 |
| 11,340页:图;21cm |
| 市政行业职业技能培训教材 |
| ISBN 7-112-06877-0:CNY 21.00 |
| 本书内容涵盖污水处理初级工、中级工和高级工的知识。主要包括:城市污水处理、水力学、污水处理微生物学基础知识、污水处理主要机械设备和仪表及机械设备的检修等等内容。 |
| ● |
| 相关链接 |
|
|
|
正题名:污水处理工
索取号:X703/W213
 
预约/预借
| 序号 | 登录号 | 条形码 | 馆藏地/架位号 | 状态 | 备注 |
| 1 | 0836393 | 208363938 | 自科二线504/504自科库 41排4列6层/ [索取号:X703/W213] | 在馆 | |
| 2 | 0836394 | 208363947 | 市政与环境工程学院资料室/201建筑库 63排7列1层/ [索取号:X703/W213] | 在馆 |